COMMUNITY PHARMACY PRACTICE (Record no. 26421)

MARC details
000 -LEADER
fixed length control field 00376nam a22001577a 4500
003 - CONTROL NUMBER IDENTIFIER
control field SGT
020 ## - INTERNATIONAL STANDARD BOOK NUMBER
International Standard Book Number 9789383635610
082 ## - DEWEY DECIMAL CLASSIFICATION NUMBER
Classification number 615.4
Item number C23A
100 ## - MAIN ENTRY--PERSONAL NAME
Personal name ADEPU, RAMESH
245 ## - TITLE STATEMENT
Title COMMUNITY PHARMACY PRACTICE
260 ## - PUBLICATION, DISTRIBUTION, ETC. (IMPRINT)
Place of publication, distribution, etc HYDERABAD
Name of publisher, distributor, etc PHARMA MED
Year of Publication 2023
300 ## - PAGE DESCRIPTION
No. of Pages 221
650 ## - SUBJECT ADDED ENTRY--TOPICAL TERM
Topical term or geographic name as entry element COMMUNITY PHARMACY
653 ## - KEYWORDS--INDEX TERM
Keyword term COMMUNITY, PHARMACY, PRACTICE
942 ## - ADDED ENTRY ELEMENTS (KOHA)
Source of classification or shelving scheme Dewey Decimal Classification
Koha item type Books
942 ## - ADDED ENTRY ELEMENTS (KOHA)
-- 12
Holdings
Withdrawn status Lost status Source of classification or shelving scheme Damaged status Not for loan Collection code Home library Current library Shelving location Date acquired Vendor Name Cost, normal purchase price SGTU Bill Number Total Checkouts Full call number Accession No. (Barcode) Date last seen Date last borrowed Bill Date Koha item type
    Dewey Decimal Classification     PHARMACY SGT FA-FP Library SGT FA-FP Library Text Book 28/05/2024 AHUJA PUBLICATION 425.00 SGTU 18906 4 615.4 C23A FP4738 20/03/2026 17/03/2026 08/05/2024 Books
    Dewey Decimal Classification     PHARMACY SGT FA-FP Library SGT FA-FP Library Text Book 28/05/2024 AHUJA PUBLICATION 425.00 SGTU 18906 8 615.4 C23A FP4739 18/03/2026 17/03/2026 08/05/2024 Books
    Dewey Decimal Classification     PHARMACY SGT FA-FP Library SGT FA-FP Library Text Book 28/05/2024 AHUJA PUBLICATION 425.00 SGTU 18906 3 615.4 C23A FP4740 02/04/2025 02/04/2025 08/05/2024 Books